000 00949nam a2200241Ia 4500
001 20215
003 GE_BSU
008 181216s||||||||xx |||||||||||||| ||und||
040 _cGE_BSU
080 _a821.14'01-394
100 _aკუნი.ნ.ა.
245 _aძველი საბერძნეთის ლეგენდები და მითები. ნ.1
245 _cშემდგ. ნ.ა.. მთარგმნ. შ.ბუაჩიძე. წინასიტყვ. ო. ლორთქიფანიძე
260 _aთბილისი
260 _bგანათლება
260 _c1965
300 _a395 გვ. ; 22 სმ.
541 _h6ლ.60თ.
653 _aანტიკური სამყარო
653 _aქსეროქსი
653 _aძველი საბერძნეთის ლეგენდები და მითები. ნ.1
942 _cBK
999 _c53175
_d53175